Niektoré aspekty vplyvu daňového systému na podnikové financie v SR

Daňový systém roku 1993 ako východisko budovania novej daňovej sústavy Slovenska. Reformné daňové predpisy. Negatíva vývoja daňového systému. Vplyv na podnikové financie a rozhodovanie o daniach.

Salvato in:
Dettagli Bibliografici
Autore principale: Hodál, Matej
Natura: Capitolo di libro
Lingua:slovacco
Soggetti:
Tags: Aggiungi Tag
Nessun Tag, puoi essere il primo ad aggiungerne!!

MARC

LEADER 00000naa$a2200000$$$4500
001 0018338
005 20240502071405.8
041 0 |a slo 
044 |a SK 
245 1 0 |a Niektoré aspekty vplyvu daňového systému na podnikové financie v SR 
520 |a Daňový systém roku 1993 ako východisko budovania novej daňovej sústavy Slovenska. Reformné daňové predpisy. Negatíva vývoja daňového systému. Vplyv na podnikové financie a rozhodovanie o daniach. 
610 2 0 |a reformy daňové 
610 2 0 |a Slovensko 
610 2 0 |a systémy daňové 
610 2 0 |a legislatíva 
610 2 0 |a rozhodovanie finančné 
610 2 0 |a predpisy 
610 2 0 |a manažéri 
100 1 |a Hodál, Matej